Отношение уполномоченного МВД - командующему войсками генералу Матковскому о реквизиции зданий Томского университета под военные...

Доступно только в Электронных читальных залах Найти на картеНа карте
RUSMARC
00003810nac2a22002533x 450
001ac0bfda4-ebe1-4abf-85ca-6d7dddd4bead
00520190226083300.0
100##$a20190110l 1919k y0rusy50 ca
1010#$arus
102##$aRU
105##$ay z |||||
2001#$aОтношение уполномоченного МВД - командующему войсками генералу Матковскому о реквизиции зданий Томского университета под военные школы
$j09 мая 1919 - 02 октября 1919
215##$a3 листа
251##$cДело
300##$aМашинописный текст
324##$aВ деле имеются копии отдельных документов
461#0$10010f0e3429-2e37-4fb4-ace0-6332d350a692
$12001
$aМинистерство внутренних дел Российского правительства. Омск
$1251
$cФонд
$1852
$j1700
$gР
462#0$1001fc526e9e-3b76-4f4f-9aa4-d2ea0e927c42
$12001
$aДепартамент Государственного призрения. 1918-1920 гг.
$vД. 15
$1251
$cОпись
$1852
$j6
600#1$aМатковский
60102$3RU\NLR\AUTH\8810247804
$aВременное Сибирское правительство
$bМинистерство внутренних дел
60102$3RU\NLR\AUTH\883355
$aИмператорский Томский университет
801#0$aRU
$bGA_RF
801#1$aRU
$bГлавНИВЦ
$c20190110
$2rusmarc
801#2$aRU
$bПБ им. Б.Н. Ельцина
$c20190226
$gRCR
$2rusmarc
852##$aГА РФ
$j15
937##$d126135773
$hПБ
035##$aRuPRLIB51054635
856##$uhttp://readingroom.main.prlib.ru/item.aspx?id_node=n126135773&mode=full
Формат отображения